| 000 | 00517nam a2200145 a 4500 | ||
|---|---|---|---|
| 008 | 120416s0000 ||||||||||||||||| || u | ||
| 020 | _a0906633001 | ||
| 050 | _aNA 2541 Sea | ||
| 100 | _aSealey, Anthony | ||
| 245 | 1 | 0 | _aIntroduction to building climatology |
| 260 |
_aLondon _bCommonwealth Association of Architects _c1979 |
||
| 300 | _a44p. : ill. | ||
| 350 | _a0.00 | ||
| 995 |
_D0.00 _FCBU-MAIN LIBRARY (Kitwe) _H1 _I10.00 _UDAMAGED _ZMain Library Open Access Collection |
||
| 999 |
_c47627 _d47627 |
||